000 00608nam a2200229Ia 4500
008 170203s9999 xx 000 0 und d
020 _a9780746057780
050 _aFic
050 _bP984s
100 _aPunter, Russell.
245 _aStories of ghosts /
245 _cRussell Punter ; illustrated by Mike Phillips.
260 _aLondon :
260 _bUsborne,
260 _c2004
300 _a48 pages :
300 _billustrations (some color) ;
300 _c20 cm
440 _aUsborne young reading.
650 _aChildren's stories, English.
650 _aGhost stories, English.
999 _c306537
_d306537